| 000 | 00318nam a22001217a 4500 | ||
|---|---|---|---|
| 082 |
_a174.4 _bOSW/B |
||
| 100 | _aOSWAAL BOOKS | ||
| 245 |
_aQUESTION BANK BUSINESS STUDIES _bFOR CLASS 11 |
||
| 260 |
_aAGRA _bOSWAAL BOOKS _c2017 |
||
| 300 | _a176 | ||
| 650 |
_aBUSINESS STUDIES QUESTION BANK FOR CLASS XI _zINDIA |
||
| 942 | _cBK | ||
| 999 |
_c557 _d557 |
||